[Event "Reykjavik Open 2013"]
[Site "?"]
[Date "2013.02.25"]
[Round "8.1"]
[White "Eljanov, Pavel"]
[Black "Gajewski, Grzegorz"]
[Result "1/2-1/2"]
[LiveChessVersion "1.4"]
[BlackElo "2644"]
[WhiteElo "2678"]

1. c4 {[%clk 1:27:31]} Nf6 {[%clk 1:30:50]} 2. Nf3 {[%clk 1:27:48]} e6
{[%clk 1:31:12]} 3. g3 {[%clk 1:28:15]} b6 {[%clk 1:30:03]} 4. Bg2
{[%clk 1:27:48]} Bb7 {[%clk 1:30:24]} 5. O-O {[%clk 1:25:18]} Be7
{[%clk 1:30:29]} 6. b3 {[%clk 1:23:50]} O-O {[%clk 1:29:57]} 7. Bb2
{[%clk 1:23:44]} d5 {[%clk 1:28:44]} 8. e3 {[%clk 1:23:40]} c5 {[%clk 1:28:31]}
9. Qe2 {[%clk 1:20:43]} Nc6 {[%clk 1:27:34]} 10. Rd1 {[%clk 1:18:13]} Rc8
{[%clk 1:23:31]} 11. d3 {[%clk 1:06:27]} Qc7 {[%clk 1:19:51]} 12. Nc3
{[%clk 1:05:46]} Rfd8 {[%clk 1:19:41]} 13. Nh4 {[%clk 0:58:30]} dxc4
{[%clk 1:07:10]} 14. bxc4 {[%clk 0:58:57]} Nb4 {[%clk 1:02:43]} 15. a3
{[%clk 0:55:23]} Bxg2 {[%clk 0:57:59]} 16. axb4 {[%clk 0:43:03]} Bc6
{[%clk 0:58:17]} 17. b5 {[%clk 0:42:55]} Be8 {[%clk 0:55:38]} 18. f4
{[%clk 0:42:17]} Nd7 {[%clk 0:49:18]} 19. Ng2 {[%clk 0:37:31]} f5
{[%clk 0:42:25]} 20. g4 {[%clk 0:31:59]} Nf6 {[%clk 0:37:43]} 21. h3
{[%clk 0:29:59]} fxg4 {[%clk 0:33:44]} 22. hxg4 {[%clk 0:30:16]} h5
{[%clk 0:34:08]} 23. g5 {[%clk 0:30:01]} Ng4 {[%clk 0:34:34]} 24. Ne4
{[%clk 0:24:58]} e5 {[%clk 0:24:47]} 25. fxe5 {[%clk 0:14:37]} Bg6
{[%clk 0:21:03]} 26. Nf4 {[%clk 0:14:56]} Bxe4 {[%clk 0:21:26]} 27. dxe4
{[%clk 0:15:21]} Rxd1+ {[%clk 0:18:27]} 28. Qxd1 {[%clk 0:12:03]} Bxg5
{[%clk 0:18:31]} 29. Qd5+ {[%clk 0:11:07]} Kh8 {[%clk 0:12:26]} 30. Qe6
{[%clk 0:09:07]} Bxf4 {[%clk 0:07:55]} 31. exf4 {[%clk 0:09:33]} Qd8
{[%clk 0:08:18]} 32. Qf5 {[%clk 0:04:05]} Qh4 {[%clk 0:08:19]} 33. Qxc8+
{[%clk 0:04:30]} Kh7 {[%clk 0:08:46]} 34. Qf5+ {[%clk 0:04:48]} Kh8
{[%clk 0:07:57]} 35. Qf8+ {[%clk 0:04:07]} 1/2-1/2

[Event "Reykjavik Open 2013"]
[Site "?"]
[Date "2013.02.25"]
[Round "8.2"]
[White "Yu, Yangyi"]
[Black "So, Wesley"]
[Result "1/2-1/2"]
[LiveChessVersion "1.4"]
[BlackElo "2684"]
[WhiteElo "2688"]

1. e4 e5 2. Nf3 Nc6 3. Bb5 Nf6 4. d3 Bc5 5. c3 O-O 6. O-O d6 7. h3 a6 8. Bxc6
bxc6 9. d4 Bb6 10. Re1 h6 11. dxe5 dxe5 12. Qxd8 Rxd8 13. Na3 Nd7 14. Nc4 f6 15.
Rd1 Re8 16. Ne1 Nc5 17. f3 Ba7 18. Be3 Be6 19. Na5 Bb6 20. Nxc6 Na4 21. Bxb6 cxb6
22. b3 1/2-1/2

[Event "Reykjavik Open 2013"]
[Site "?"]
[Date "2013.02.25"]
[Round "8.3"]
[White "Amin, Bassem"]
[Black "Giri, Anish"]
[Result "1/2-1/2"]
[LiveChessVersion "1.4"]
[BlackElo "2722"]
[WhiteElo "2631"]

1. e4 {[%clk 1:29:56]} Nf6 {[%clk 1:29:24]} 2. e5 {[%clk 1:29:43]} Nd5
{[%clk 1:29:49]} 3. d4 {[%clk 1:30:08]} d6 {[%clk 1:30:17]} 4. Bc4
{[%clk 1:30:32]} Nb6 {[%clk 1:30:41]} 5. Bb3 {[%clk 1:30:57]} dxe5
{[%clk 1:31:08]} 6. Qh5 {[%clk 1:31:20]} e6 {[%clk 1:31:36]} 7. dxe5
{[%clk 1:31:42]} c5 {[%clk 1:32:01]} 8. c3 {[%clk 1:28:55]} Qd3 {[%clk 1:32:25]}
9. Qf3 {[%clk 1:16:56]} Qxf3 {[%clk 1:25:46]} 10. Nxf3 {[%clk 1:15:38]} Bd7
{[%clk 1:26:07]} 11. Bf4 {[%clk 1:14:50]} a5 {[%clk 1:22:09]} 12. Na3
{[%clk 1:03:11]} Bc6 {[%clk 1:11:22]} 13. O-O-O {[%clk 0:58:40]} Na6
{[%clk 1:04:04]} 14. Nd2 {[%clk 0:53:03]} a4 15. Bc2 {[%clk 0:52:25]} Nd5
{[%clk 0:48:41]} 16. Bg3 {[%clk 0:51:20]} h5 {[%clk 0:45:47]} 17. h4
{[%clk 0:49:01]} g6 {[%clk 0:43:57]} 18. Ne4 {[%clk 0:41:45]} Bh6+
{[%clk 0:42:26]} 19. Kb1 {[%clk 0:42:13]} Ke7 {[%clk 0:42:48]} 20. Nc4
{[%clk 0:39:51]} Nac7 {[%clk 0:38:39]} 21. Nxc5 {[%clk 0:23:41]} a3
{[%clk 0:34:03]} 22. Nd6 {[%clk 0:24:00]} axb2 {[%clk 0:33:24]} 23. Kxb2
{[%clk 0:24:11]} Nb6 {[%clk 0:30:15]} 24. Bb3 {[%clk 0:23:09]} Bxg2
{[%clk 0:28:33]} 25. Rhg1 {[%clk 0:22:10]} Bd5 {[%clk 0:22:34]} 26. c4
{[%clk 0:22:27]} Bc6 {[%clk 0:22:53]} 27. Rd4 {[%clk 0:21:45]} Rad8
{[%clk 0:18:30]} 28. Rgd1 {[%clk 0:21:38]} Bg7 {[%clk 0:14:41]} 29. Ndxb7
{[%clk 0:18:42]} Rxd4 {[%clk 0:14:18]} 30. Rxd4 {[%clk 0:19:10]} Bxb7
{[%clk 0:13:03]} 31. Nxb7 {[%clk 0:19:38]} Nd7 {[%clk 0:13:26]} 32. f4
{[%clk 0:19:56]} f6 {[%clk 0:13:28]} 33. Na5 {[%clk 0:19:34]} Nc5
{[%clk 0:08:02]} 34. Nc6+ {[%clk 0:17:54]} Kf7 {[%clk 0:08:32]} 35. Bc2
{[%clk 0:16:31]} Ra8 {[%clk 0:08:26]} 36. Nd8+ {[%clk 0:12:54]} Ke7
{[%clk 0:08:49]} 37. Nc6+ {[%clk 0:13:21]} Kf7 {[%clk 0:09:16]} 38. Bf2
{[%clk 0:08:03]} N7a6 {[%clk 0:09:43]} 39. Rd8 {[%clk 0:02:59]} Rxd8
{[%clk 0:10:05]} 40. Nxd8+ {[%clk 0:33:25]} Ke8 {[%clk 0:39:59]} 41. Nc6
{[%clk 0:33:53]} g5 {[%clk 0:40:26]} 42. hxg5 {[%clk 0:18:42]} fxg5
{[%clk 0:40:49]} 43. fxg5 {[%clk 0:19:00]} h4 {[%clk 0:40:12]} 44. Bxh4
{[%clk 0:18:17]} Kd7 {[%clk 0:40:38]} 45. g6 {[%clk 0:16:26]} Kxc6
{[%clk 0:40:38]} 46. Bf6 {[%clk 0:16:55]} Bh6 {[%clk 0:40:50]} 47. g7
{[%clk 0:17:18]} Bxg7 {[%clk 0:41:18]} 48. Bxg7 {[%clk 0:17:43]} Nb4
{[%clk 0:41:17]} 49. Bg6 {[%clk 0:17:16]} Kb6 {[%clk 0:41:31]} 50. a3
{[%clk 0:10:48]} Nc6 {[%clk 0:41:31]} 51. Kc3 {[%clk 0:11:01]} Na4+
{[%clk 0:41:01]} 52. Kc2 {[%clk 0:11:09]} Kc5 {[%clk 0:39:41]} 53. Kd3
{[%clk 0:03:48]} Nb2+ {[%clk 0:39:52]} 54. Ke4 Nxc4 {[%clk 0:39:25]} 55. Bf8+
{[%clk 0:03:19]} Kb6 {[%clk 0:39:13]} 56. Bd6 {[%clk 0:03:37]} Nxd6+
{[%clk 0:37:58]} 57. exd6 {[%clk 0:04:05]} Kc5 {[%clk 0:38:06]} 58. d7
{[%clk 0:04:28]} Kd6 {[%clk 0:38:25]} 59. Be8 {[%clk 0:04:51]} Kc7
{[%clk 0:38:51]} 60. a4 {[%clk 0:04:35]} 1/2-1/2

[Event "Reykjavik Open 2013"]
[Site "?"]
[Date "2013.02.25"]
[Round "8.4"]
[White "L'ami, Erwin"]
[Black "Cheparinov, Ivan"]
[Result "1/2-1/2"]
[LiveChessVersion "1.4"]
[BlackElo "2709"]
[WhiteElo "2622"]

1. e4 {[%clk 1:30:53]} c5 {[%clk 1:30:34]} 2. Nf3 {[%clk 1:31:05]} d6
{[%clk 1:30:33]} 3. d4 {[%clk 1:31:28]} cxd4 {[%clk 1:30:59]} 4. Nxd4
{[%clk 1:31:53]} Nf6 {[%clk 1:31:23]} 5. Nc3 {[%clk 1:32:16]} a6 {[%clk 1:31:46]}
6. Bg5 {[%clk 1:32:19]} e6 {[%clk 1:30:04]} 7. f4 {[%clk 1:31:48]} h6
{[%clk 1:30:29]} 8. Bh4 {[%clk 1:30:55]} Qb6 {[%clk 1:30:55]} 9. a3
{[%clk 1:25:34]} Nbd7 {[%clk 1:30:56]} 10. Bc4 {[%clk 1:18:29]} e5
{[%clk 1:30:46]} 11. fxe5 {[%clk 1:12:39]} dxe5 {[%clk 1:31:08]} 12. Nb3
{[%clk 1:11:29]} Be7 {[%clk 1:25:46]} 13. Qe2 {[%clk 1:07:22]} Qc7
{[%clk 1:22:41]} 14. Bxf6 {[%clk 1:03:57]} Nxf6 {[%clk 1:22:31]} 15. Nd5
{[%clk 1:04:21]} Nxd5 {[%clk 1:22:05]} 16. Bxd5 {[%clk 1:03:40]} O-O
{[%clk 1:14:08]} 17. O-O {[%clk 1:00:22]} Bd7 {[%clk 1:11:15]} 18. Rf2
{[%clk 0:52:02]} Rac8 {[%clk 1:06:09]} 19. Kh1 {[%clk 0:46:07]} Qb6
{[%clk 0:59:11]} 20. Raf1 {[%clk 0:40:08]} Be6 {[%clk 0:57:46]} 21. Qh5
{[%clk 0:36:53]} Bg5 {[%clk 0:56:35]} 22. Bxe6 {[%clk 0:30:44]} Qxe6
{[%clk 0:56:36]} 23. Nc1 {[%clk 0:29:23]} Rc4 {[%clk 0:42:07]} 24. Nd3
{[%clk 0:27:23]} g6 {[%clk 0:36:35]} 25. Qe2 {[%clk 0:26:23]} b5 {[%clk 0:34:39]}
26. c3 {[%clk 0:24:13]} h5 {[%clk 0:32:07]} 27. Rf3 {[%clk 0:21:53]} h4
{[%clk 0:27:56]} 28. h3 {[%clk 0:20:27]} Qe7 {[%clk 0:24:30]} 29. R3f2
{[%clk 0:18:53]} Qe6 {[%clk 0:21:22]} 30. Rf3 {[%clk 0:18:49]} Qe7
{[%clk 0:21:11]} 31. R3f2 {[%clk 0:19:11]} f6 {[%clk 0:17:31]} 32. Ne1
{[%clk 0:14:54]} Bf4 {[%clk 0:10:21]} 33. Qg4 {[%clk 0:14:37]} Kg7
{[%clk 0:10:09]} 34. Nf3 {[%clk 0:12:37]} Qb7 {[%clk 0:00:50]} 35. Nd4
{[%clk 0:12:25]} exd4 {[%clk 0:00:59]} 36. Rxf4 {[%clk 0:12:48]} dxc3
{[%clk 0:01:09]} 37. bxc3 {[%clk 0:12:59]} Qe7 {[%clk 0:00:51]} 38. Rd1
{[%clk 0:08:58]} Rd8 {[%clk 0:00:35]} 39. Rxd8 {[%clk 0:07:30]} Qxd8
{[%clk 0:01:04]} 40. Qxh4 {[%clk 0:37:42]} Qd1+ {[%clk 0:30:48]} 41. Kh2
{[%clk 0:37:16]} Qd6 {[%clk 0:29:42]} 42. Qg3 {[%clk 0:32:23]} Rxc3
{[%clk 0:23:10]} 43. Rf3 {[%clk 0:30:43]} Qxg3+ {[%clk 0:23:35]} 44. Kxg3
{[%clk 0:31:08]} Rc4 {[%clk 0:20:54]} 45. Re3 {[%clk 0:28:31]} Kf7
{[%clk 0:15:47]} 46. h4 {[%clk 0:25:57]} Ke6 {[%clk 0:15:09]} 47. Kf4
{[%clk 0:25:48]} Rc5 {[%clk 0:14:41]} 48. g3 {[%clk 0:24:36]} a5 {[%clk 0:14:36]}
49. Rb3 {[%clk 0:21:21]} Kd6 {[%clk 0:11:47]} 50. Ke3 {[%clk 0:19:15]} Ke5
{[%clk 0:10:54]} 51. g4 {[%clk 0:18:34]} a4 {[%clk 0:10:57]} 52. Rd3
{[%clk 0:18:45]} Ke6 {[%clk 0:11:10]} 53. Rd8 {[%clk 0:16:58]} Rc3+
{[%clk 0:11:02]} 54. Rd3 {[%clk 0:17:23]} Rc1 {[%clk 0:08:08]} 55. Rd5
{[%clk 0:13:35]} Rb1 {[%clk 0:07:13]} 56. h5 {[%clk 0:11:38]} gxh5
{[%clk 0:04:41]} 57. gxh5 {[%clk 0:12:00]} b4 {[%clk 0:04:02]} 1/2-1/2

[Event "Reykjavik Open 2013"]
[Site "?"]
[Date "2013.02.25"]
[Round "8.2"]
[White "Sokolov, Ivan"]
[Black "Dziuba, Marcin"]
[Result "0-1"]
[LiveChessVersion "1.4"]
[BlackElo "2602"]
[WhiteElo "2644"]

1. d4 {[%clk 1:26:12]} d5 {[%clk 1:30:53]} 2. c4 {[%clk 1:26:29]} dxc4
{[%clk 1:31:15]} 3. e4 {[%clk 1:24:32]} Nf6 {[%clk 1:24:56]} 4. e5
{[%clk 1:23:29]} Nd5 {[%clk 1:25:22]} 5. Bxc4 {[%clk 1:23:53]} Nb6
{[%clk 1:24:38]} 6. Bd3 {[%clk 1:21:35]} Nc6 {[%clk 1:24:55]} 7. Ne2
{[%clk 1:21:58]} Be6 {[%clk 1:08:53]} 8. Nbc3 {[%clk 1:18:02]} Qd7
{[%clk 1:08:46]} 9. Ne4 {[%clk 1:06:24]} Bd5 {[%clk 1:05:40]} 10. O-O
{[%clk 1:05:08]} e6 {[%clk 1:01:20]} 11. a3 {[%clk 0:57:28]} Be7 {[%clk 0:59:22]}
12. Qc2 {[%clk 0:55:29]} a5 {[%clk 0:26:02]} 13. Be3 {[%clk 0:49:37]} a4
{[%clk 0:25:44]} 14. Rac1 {[%clk 0:45:10]} Bb3 {[%clk 0:20:29]} 15. Qb1
{[%clk 0:41:26]} h6 {[%clk 0:19:02]} 16. Bb5 {[%clk 0:40:25]} O-O
{[%clk 0:16:47]} 17. Nc5 {[%clk 0:35:24]} Bxc5 {[%clk 0:16:23]} 18. Rxc5
{[%clk 0:35:50]} Nd5 {[%clk 0:16:33]} 19. Bd2 {[%clk 0:35:00]} Nde7
{[%clk 0:16:49]} 20. Qe4 {[%clk 0:34:31]} Rfd8 {[%clk 0:16:04]} 21. Qg4
{[%clk 0:30:57]} Nf5 {[%clk 0:12:29]} 22. Be3 {[%clk 0:31:25]} Kf8
{[%clk 0:11:21]} 23. Nf4 {[%clk 0:29:32]} g6 {[%clk 0:08:07]} 24. Ne2
{[%clk 0:22:58]} Kg7 {[%clk 0:08:05]} 25. Ng3 {[%clk 0:22:12]} Qe7
{[%clk 0:05:56]} 26. Nxf5+ {[%clk 0:21:18]} exf5 {[%clk 0:06:20]} 27. Qf4
{[%clk 0:19:18]} g5 {[%clk 0:06:25]} 28. Qxf5 {[%clk 0:18:27]} Nxd4
{[%clk 0:06:42]} 29. Bxd4 {[%clk 0:17:12]} Rxd4 {[%clk 0:07:09]} 30. Rc3
{[%clk 0:17:34]} Rf4 {[%clk 0:06:55]} 31. Qd7 {[%clk 0:15:58]} Qxe5
{[%clk 0:05:28]} 32. Re3 {[%clk 0:14:54]} Qf5 {[%clk 0:03:49]} 33. Re7
{[%clk 0:14:28]} Qxd7 {[%clk 0:04:00]} 34. Rxd7 {[%clk 0:14:53]} c6
{[%clk 0:04:22]} 35. Bd3 {[%clk 0:13:44]} b5 {[%clk 0:04:02]} 36. Rc1
{[%clk 0:14:04]} Re8 {[%clk 0:04:06]} 37. f3 {[%clk 0:13:59]} Rf6
{[%clk 0:02:07]} 38. h3 {[%clk 0:13:55]} Be6 {[%clk 0:01:02]} 39. Rd4
{[%clk 0:13:49]} Bb3 {[%clk 0:01:00]} 40. Be4 {[%clk 0:40:20]} Bc4
{[%clk 0:30:41]} 41. Rd7 {[%clk 0:40:23]} Rfe6 {[%clk 0:25:20]} 42. Rc2
{[%clk 0:36:08]} c5 {[%clk 0:19:07]} 43. Rc7 {[%clk 0:30:52]} Re5
{[%clk 0:18:39]} 44. Rd2 {[%clk 0:31:03]} R8e7 {[%clk 0:16:52]} 45. Rdd7
{[%clk 0:30:57]} Rxd7 {[%clk 0:17:04]} 46. Rxd7 {[%clk 0:31:23]} Kf8
{[%clk 0:14:46]} 47. g4 {[%clk 0:31:47]} Ke8 {[%clk 0:14:23]} 48. Rc7
{[%clk 0:29:18]} Kd8 {[%clk 0:12:01]} 49. Rb7 {[%clk 0:26:49]} Re7
{[%clk 0:08:19]} 50. Rb8+ {[%clk 0:25:51]} Kc7 {[%clk 0:08:32]} 51. Rb7+
{[%clk 0:25:25]} Kd6 {[%clk 0:08:36]} 52. Rb6+ {[%clk 0:25:50]} Ke5
{[%clk 0:09:04]} 53. Kf2 {[%clk 0:25:55]} Re6 {[%clk 0:08:18]} 54. Rb8
{[%clk 0:24:13]} Kf4 {[%clk 0:05:24]} 55. Rd8 {[%clk 0:24:11]} Rb6
{[%clk 0:05:27]} 56. Rd2 {[%clk 0:18:56]} Ke5 {[%clk 0:03:52]} 57. Rd1
{[%clk 0:18:08]} Rd6 {[%clk 0:04:10]} 58. Rxd6 {[%clk 0:17:55]} Kxd6
{[%clk 0:04:36]} 59. Ke3 {[%clk 0:18:07]} b4 {[%clk 0:03:05]} 60. Bf5
{[%clk 0:17:51]} Bf1 {[%clk 0:03:07]} 61. Bc2 {[%clk 0:17:55]} b3
{[%clk 0:02:52]} 62. Bh7 {[%clk 0:18:16]} Ke5 {[%clk 0:03:12]} 63. Be4
{[%clk 0:17:47]} Bb5 {[%clk 0:03:28]} 64. Bb7 {[%clk 0:17:43]} c4
{[%clk 0:03:22]} 65. Be4 {[%clk 0:18:10]} Bd7 {[%clk 0:03:37]} 66. Bh7
{[%clk 0:14:37]} f5 {[%clk 0:03:48]} 67. Kd2 {[%clk 0:14:50]} fxg4
{[%clk 0:03:31]} 68. fxg4 {[%clk 0:15:13]} Kd4 {[%clk 0:03:18]} 0-1

[Event "Reykjavik Open 2013"]
[Site "?"]
[Date "2013.02.25"]
[Round "8.3"]
[White "Yilmaz, Mustafa"]
[Black "Jones, Gawain C B"]
[Result "1/2-1/2"]
[LiveChessVersion "1.4"]
[BlackElo "2637"]
[WhiteElo "2531"]

1. d4 Nf6 2. Nf3 g6 3. c4 Bg7 4. Nc3 d6 5. e4 O-O 6. Be2 e5 7. O-O c6 8. d5 Na6
{[%clk 1:28:29]} 9. Be3 {[%clk 1:32:41]} Ng4 {[%clk 1:27:30]} 10. Bg5
{[%clk 1:32:36]} f6 {[%clk 1:27:50]} 11. Bh4 {[%clk 1:33:02]} h5 {[%clk 1:26:35]}
12. h3 {[%clk 1:31:28]} Nh6 {[%clk 1:26:23]} 13. c5 {[%clk 1:30:52]} g5
{[%clk 1:08:02]} 14. Bxa6 {[%clk 0:57:53]} bxa6 {[%clk 1:07:57]} 15. Bg3
{[%clk 0:56:04]} dxc5 {[%clk 0:54:18]} 16. dxc6 {[%clk 0:56:28]} Be6
{[%clk 0:54:12]} 17. Qa4 {[%clk 0:52:25]} Rc8 {[%clk 0:42:45]} 18. Nd5
{[%clk 0:38:39]} Bxd5 {[%clk 0:38:03]} 19. Rfd1 {[%clk 0:37:35]} Rxc6
{[%clk 0:38:13]} 20. Rxd5 {[%clk 0:38:00]} Qb6 {[%clk 0:35:26]} 21. Nd2
{[%clk 0:37:55]} Qb5 {[%clk 0:33:44]} 22. Qc2 {[%clk 0:37:37]} h4
{[%clk 0:30:55]} 23. Bh2 {[%clk 0:37:30]} Qe2 {[%clk 0:31:07]} 24. Qc4
{[%clk 0:30:51]} Qxc4 {[%clk 0:31:32]} 25. Nxc4 {[%clk 0:31:19]} Rfc8
{[%clk 0:31:22]} 26. Rad1 {[%clk 0:29:19]} Bf8 {[%clk 0:29:05]} 27. Kf1
{[%clk 0:13:36]} Nf7 {[%clk 0:29:05]} 28. Ke2 {[%clk 0:11:14]} Be7
{[%clk 0:28:49]} 29. R1d3 {[%clk 0:07:12]} Nd8 {[%clk 0:27:34]} 30. Ra3
{[%clk 0:05:14]} Ne6 {[%clk 0:26:10]} 31. Rd7 {[%clk 0:05:25]} Kf8
{[%clk 0:23:58]} 32. f3 {[%clk 0:03:34]} Ke8 {[%clk 0:21:06]} 33. Rb7
{[%clk 0:03:46]} R6c7 {[%clk 0:20:13]} 34. Rxc7 {[%clk 0:03:34]} Nxc7
{[%clk 0:20:40]} 35. Bg1 {[%clk 0:02:45]} Rb8 {[%clk 0:20:37]} 36. Be3
{[%clk 0:01:40]} Kd7 {[%clk 0:19:01]} 37. Rd3+ {[%clk 0:01:31]} Kc8
{[%clk 0:18:39]} 38. Ra3 {[%clk 0:01:02]} Rb4 {[%clk 0:13:43]} 39. Kd3
{[%clk 0:01:14]} Kd7 {[%clk 0:14:08]} 40. Bd2 {[%clk 0:30:59]} Rb8
{[%clk 0:44:10]} 41. Kc2 {[%clk 0:29:43]} Ke6 {[%clk 0:39:44]} 42. Kc1
{[%clk 0:25:02]} Kd7 {[%clk 0:38:36]} 43. Rd3+ {[%clk 0:23:53]} Ke8
{[%clk 0:37:55]} 44. Be3 {[%clk 0:17:32]} Nb5 {[%clk 0:36:13]} 45. Rb3
{[%clk 0:16:20]} Rd8 {[%clk 0:31:17]} 46. Kc2 {[%clk 0:13:56]} Nd4+
{[%clk 0:26:50]} 47. Bxd4 {[%clk 0:14:20]} cxd4 {[%clk 0:27:16]} 48. Kd3
{[%clk 0:12:35]} Bc5 {[%clk 0:27:19]} 49. Rb7 {[%clk 0:10:39]} Rd7
{[%clk 0:27:21]} 50. Rb8+ {[%clk 0:10:35]} 1/2-1/2

[Event "Reykjavik Open 2013"]
[Site "?"]
[Date "2013.02.25"]
[Round "8.4"]
[White "Wei, Yi"]
[Black "Vachier-Lagrave, Maxime"]
[Result "1-0"]
[LiveChessVersion "1.4"]
[BlackElo "2715"]
[WhiteElo "2501"]

1. e4 {[%clk 1:30:56]} c5 {[%clk 1:30:55]} 2. Nf3 {[%clk 1:31:18]} Nc6
{[%clk 1:31:20]} 3. Bb5 {[%clk 1:31:26]} d6 {[%clk 1:31:10]} 4. O-O
{[%clk 1:31:30]} Bd7 {[%clk 1:31:37]} 5. Re1 {[%clk 1:31:17]} Nf6
{[%clk 1:31:58]} 6. c3 {[%clk 1:31:01]} a6 {[%clk 1:32:22]} 7. Bf1
{[%clk 1:31:02]} Bg4 {[%clk 1:32:45]} 8. d4 {[%clk 1:30:42]} cxd4
{[%clk 1:32:49]} 9. cxd4 {[%clk 1:31:05]} e5 {[%clk 1:32:58]} 10. d5
{[%clk 1:30:53]} Nd4 {[%clk 1:33:21]} 11. Be3 {[%clk 1:31:09]} Nxf3+
{[%clk 1:32:54]} 12. gxf3 {[%clk 1:31:33]} Bd7 {[%clk 1:33:19]} 13. a4
{[%clk 1:18:48]} Nh5 {[%clk 1:25:00]} 14. Qb3 {[%clk 1:11:43]} g5
{[%clk 1:24:32]} 15. Qxb7 {[%clk 1:04:15]} Rg8 {[%clk 1:21:57]} 16. Nd2
{[%clk 0:41:46]} g4 {[%clk 1:16:13]} 17. fxg4 {[%clk 0:41:45]} Rb8
{[%clk 0:55:44]} 18. Qxa6 {[%clk 0:41:05]} Rxg4+ {[%clk 0:46:04]} 19. Kh1
{[%clk 0:40:31]} f5 {[%clk 0:42:38]} 20. exf5 {[%clk 0:34:46]} Rxb2
{[%clk 0:42:05]} 21. Be2 {[%clk 0:30:43]} Nf6 {[%clk 0:40:45]} 22. Nc4
{[%clk 0:26:32]} Rxe2 {[%clk 0:32:48]} 23. Rxe2 {[%clk 0:26:56]} Bxf5
{[%clk 0:33:02]} 24. f3 {[%clk 0:24:34]} Rg6 {[%clk 0:33:26]} 25. Rg1
{[%clk 0:18:00]} Kf7 {[%clk 0:33:08]} 26. Rxg6 {[%clk 0:17:57]} hxg6
{[%clk 0:33:26]} 27. Bg5 {[%clk 0:17:41]} Be7 {[%clk 0:32:41]} 28. Bxf6
{[%clk 0:16:31]} Kxf6 {[%clk 0:33:06]} 29. Nxe5 {[%clk 0:16:41]} Qb8
{[%clk 0:33:16]} 30. Ng4+ {[%clk 0:16:48]} Kg5 {[%clk 0:33:29]} 31. Rxe7
{[%clk 0:16:31]} Qb1+ {[%clk 0:33:49]} 32. Kg2 {[%clk 0:16:59]} Bd3
{[%clk 0:34:13]} 33. Qa7 {[%clk 0:17:17]} 1-0

[Event "Reykjavik Open 2013"]
[Site "?"]
[Date "2013.02.25"]
[Round "8.5"]
[White "Williams, Simon K"]
[Black "Navara, David"]
[Result "0-1"]
[LiveChessVersion "1.4"]
[BlackElo "2710"]
[WhiteElo "2498"]

1. d4 {[%clk 1:30:07]} Nf6 {[%clk 1:30:56]} 2. c4 {[%clk 1:30:02]} e6
{[%clk 1:31:23]} 3. Nf3 {[%clk 1:30:10]} Bb4+ {[%clk 1:31:46]} 4. Bd2
{[%clk 1:29:15]} c5 {[%clk 1:32:06]} 5. Bxb4 {[%clk 1:25:26]} cxb4
{[%clk 1:32:31]} 6. Nbd2 {[%clk 1:23:58]} O-O {[%clk 1:32:00]} 7. e3
{[%clk 1:20:56]} b6 {[%clk 1:30:50]} 8. Bd3 {[%clk 1:19:26]} Bb7 {[%clk 1:29:14]}
9. Ng5 {[%clk 1:12:42]} a5 {[%clk 1:05:53]} 10. O-O {[%clk 1:07:03]} Ra7
{[%clk 1:02:52]} 11. Rc1 {[%clk 1:04:04]} d5 {[%clk 0:58:12]} 12. cxd5
{[%clk 1:00:33]} h6 {[%clk 0:54:40]} 13. Ngf3 {[%clk 0:53:01]} Nxd5
{[%clk 0:50:36]} 14. Ne5 {[%clk 0:52:40]} a4 {[%clk 0:49:33]} 15. Nb1
{[%clk 0:38:18]} Qg5 {[%clk 0:45:35]} 16. g3 {[%clk 0:35:46]} Qe7
{[%clk 0:45:40]} 17. Bb5 {[%clk 0:32:16]} a3 {[%clk 0:45:23]} 18. b3
{[%clk 0:32:00]} Qd6 {[%clk 0:34:54]} 19. Qe2 {[%clk 0:30:40]} Ba8
{[%clk 0:31:40]} 20. Bd3 {[%clk 0:17:09]} Rc7 {[%clk 0:30:32]} 21. Rc4
{[%clk 0:16:43]} Rfc8 {[%clk 0:28:33]} 22. Rfc1 {[%clk 0:16:20]} b5
{[%clk 0:16:52]} 23. R4c2 {[%clk 0:15:11]} f6 {[%clk 0:17:11]} 24. Ng6
{[%clk 0:14:16]} Rxc2 {[%clk 0:17:09]} 25. Rxc2 {[%clk 0:14:41]} Rxc2
{[%clk 0:17:25]} 26. Qxc2 {[%clk 0:14:45]} Qc6 {[%clk 0:17:31]} 27. Qxc6
{[%clk 0:13:46]} Nxc6 {[%clk 0:17:15]} 28. Bxb5 {[%clk 0:11:10]} Nc3
{[%clk 0:13:52]} 29. Bxc6 {[%clk 0:09:42]} Nxa2 {[%clk 0:14:13]} 30. Bd7
{[%clk 0:03:34]} Kf7 {[%clk 0:12:32]} 31. Nf4 {[%clk 0:03:22]} Nc1
{[%clk 0:12:34]} 32. Bxe6+ {[%clk 0:03:10]} Ke7 {[%clk 0:12:53]} 0-1

[Event "Reykjavik Open 2013"]
[Site "?"]
[Date "2013.02.25"]
[Round "8.6"]
[White "Socko, Bartosz"]
[Black "Stefansson, Hannes"]
[Result "0-1"]
[LiveChessVersion "1.4"]
[BlackElo "2496"]
[WhiteElo "2643"]

1. e4 {[%clk 1:30:24]} e5 {[%clk 1:30:35]} 2. Nf3 {[%clk 1:30:49]} Nc6
{[%clk 1:30:52]} 3. Bb5 {[%clk 1:31:14]} a6 {[%clk 1:30:57]} 4. Bxc6
{[%clk 1:31:39]} dxc6 {[%clk 1:30:54]} 5. O-O {[%clk 1:32:04]} Qd6
{[%clk 1:27:20]} 6. Na3 {[%clk 1:31:08]} b5 {[%clk 1:27:15]} 7. c3
{[%clk 1:31:25]} c5 {[%clk 1:27:21]} 8. Nc2 {[%clk 1:31:47]} Bb7 {[%clk 1:26:52]}
9. a4 {[%clk 1:29:18]} Nf6 {[%clk 0:52:09]} 10. axb5 {[%clk 1:27:05]} axb5
{[%clk 0:52:31]} 11. Rxa8+ {[%clk 1:27:29]} Bxa8 {[%clk 0:52:56]} 12. Na3
{[%clk 1:12:59]} Bxe4 {[%clk 0:48:51]} 13. Nxb5 {[%clk 1:12:52]} Qc6
{[%clk 0:48:59]} 14. Na3 {[%clk 1:07:34]} Bd6 {[%clk 0:41:55]} 15. Nc4
{[%clk 1:05:52]} Bxf3 {[%clk 0:41:32]} 16. Qxf3 {[%clk 1:05:38]} Qxf3
{[%clk 0:41:54]} 17. gxf3 {[%clk 1:06:04]} Kd7 {[%clk 0:39:34]} 18. Re1
{[%clk 1:05:46]} Ra8 {[%clk 0:35:35]} 19. d3 {[%clk 1:04:20]} Ra1
{[%clk 0:33:54]} 20. Kf1 {[%clk 1:04:12]} Nd5 {[%clk 0:31:43]} 21. Ke2
{[%clk 1:01:56]} Ra8 {[%clk 0:29:15]} 22. Kd2 {[%clk 0:53:05]} f6
{[%clk 0:28:25]} 23. Kc2 {[%clk 0:53:30]} h5 {[%clk 0:24:13]} 24. Be3
{[%clk 0:47:09]} g5 {[%clk 0:20:47]} 25. Nd2 {[%clk 0:47:35]} g4 {[%clk 0:20:20]}
26. Ne4 {[%clk 0:39:29]} Kc6 {[%clk 0:15:52]} 27. Bd2 {[%clk 0:32:34]} Rf8
{[%clk 0:13:24]} 28. Ng3 {[%clk 0:27:15]} gxf3 {[%clk 0:13:20]} 29. c4
{[%clk 0:27:25]} Nf4 {[%clk 0:10:26]} 30. Nf5 {[%clk 0:16:43]} Ne2
{[%clk 0:03:13]} 31. Nh4 {[%clk 0:07:26]} Nd4+ {[%clk 0:03:25]} 32. Kd1
{[%clk 0:07:53]} Ra8 {[%clk 0:01:36]} 33. Bc3 {[%clk 0:07:51]} Ne2
{[%clk 0:00:43]} 34. Nxf3 {[%clk 0:04:10]} Nxc3+ {[%clk 0:01:09]} 35. bxc3
{[%clk 0:04:36]} Ra3 {[%clk 0:01:33]} 36. Kd2 {[%clk 0:04:06]} Ra2+
{[%clk 0:01:58]} 37. Ke3 {[%clk 0:04:34]} f5 {[%clk 0:01:07]} 38. Rg1
{[%clk 0:03:36]} Rc2 {[%clk 0:00:43]} 39. Rg6 {[%clk 0:01:35]} Kd7
{[%clk 0:01:02]} 40. Rf6 {[%clk 0:30:46]} f4+ {[%clk 0:30:37]} 41. Ke4
{[%clk 0:30:58]} Rxf2 {[%clk 0:24:59]} 42. Nxe5+ {[%clk 0:26:26]} Ke7
{[%clk 0:25:02]} 43. Kf5 {[%clk 0:26:51]} f3 {[%clk 0:17:08]} 44. h4
{[%clk 0:20:38]} Bxe5 {[%clk 0:14:25]} 45. Re6+ {[%clk 0:20:45]} Kf7
{[%clk 0:14:07]} 46. Rxe5 {[%clk 0:21:08]} Re2 {[%clk 0:14:31]} 0-1